02701nam a22002537a 4500001001000000003001100010005001700021008004100038040001800079050001900097082001400116100002900130240059200159245058400751260004901335300001601384440059201400500009801992500006702090500004202157505013202199650004702331651006902378BRCA_9294FranzMayer20230724140035.0230724b |||||||| |||| 00| 0 eng d aMFMbespcMFM 4aCO49bL36 1776 2BX1895.C61 4AutoraLancelotti, Pauli1 aCorpus Iuris Canonici Emendatum et Notis Illustratum Gregorii XIII Pont. Max Iussu Editum Libro VII Decretalium et IO. Pauli Lancelotti Institutionibus Adauctum Accesserunt Loci Communes Uberrimi et Indices Titulorum canonumque omnium fumma diligrntia ac nova methodo concinnati.hTomus Primus. Editio magna fide a mendis purgata, ad meliorem ordinem, et ad antiqua exemplaria redacta, cui plura funt adiecta maioris difunctionis gratia, quaeque nunc primum cum Pithoeana editione collata per parvas notas afteriftis indicatas urramque et Pithoeanam, er Colonienfem complectiturlLatín0 aCorpus Iuris Canonici Emendatum et Notis Illustratum Gregorii XIII Pont. Max. Iussu Editum Libro VII Decretalium et IO Pauli Lancelotti Institutionibus Adauctum Accesserunt Loci Communes Uberrimi et Indices Titulorum Canonumque Omnium fumma diligencia ac nova methodo concinnati.bTomus Primus. Editio magna dide a mendis purgata, ad meliorem ordinem, et ad antiqua exemplaria redacta, cui plura funt adiecta maioris diftinctionis gratia, quaeque nunc primum cum Pithoeana editione collata per parvas notas afterifcis indicatas utramque et Pithoeanam, et Colonienfem complectitur aReyno de AugustobEx Typographia Regiac1776 a1279c27 cm aCorpus Iuris Canonici Eemendatum et Notis Illustratum Gregorii XIII Pont. Max. Iussu Editum Libro VII Decretalium et IO Pauli Lancelotti Institutionibus Adauctum Accesserunt Loci Communes Uberrimi et Indices Titulorum Canonumque Omnium fumma diligentia ac nova methodo concinnatinTomus PrimuspEditio magna fide a mendis ourgata, ad meliorem ordinem, et ad antiqua exemplaria redacta, cui plura funt adiecta maioris diftintionis gratia, quaeque nunc primum cum Pithoeana editione collata per parvas notas afterifcis indicatas utramque et Pithoeanam, et Colonienfem complectitur.vVol 1 aEl libro contiene una anotación con tinta en la cubierta interior que se encuentra tachada. aVarias hojas del libro presentan daños como cortes o manchas aEl libro corre riesgo de desprenderse aTexto en: latínDirigido a: Obispos, clérigos, personas pertenecientes a la iglesia católica. Incluye índice temático.1 2Religión cristiana aCatólicavIglesia2 2Organización eclesiástica aCardinales vDerecho canónico